000
00323nam a22001457a 4500
008
210527b ||||| |||| 00| 0 eng d
020
_a
9780393657654
041
_a
eng
080
_a
82
082
_a
82
100
_a
21
101
_a
GJL
245
_a
Skills Manual Reading and Writing
_c
John Henkel
942
_2
udc
_c
BK
999
_c
57733
_d
57733